000 00490nam a2200181Ia 4500
003 GCL
008 140319s9999 xx 000 0 ara d
040 _aGCL /
_cGCL
082 0 4 _aط
_b607
_bح س
100 1 _aحسن السيبلجى (مترجم)
245 1 0 _aالسيارت /
_cحسن السيبلجى (مترجم)
300 _a48 ص
490 _a100 قصة
_v0
650 0 4 _aالسيارات
650 0 4 _aدوائر المعارف
650 0 4 _aالاطفال
942 _2ddc
_cBK
999 _c45783
_d45783